[Event "Asian Continental op 14th"]
[Site "Al Ain"]
[Date "2015.08.03"]
[Round "2"]
[White "Ezizov, Jumamuhammet"]
[Black "Li, Di"]
[Result "0-1"]
[WhiteElo "1789"]
[BlackElo "2384"]
[PlyCount "106"]
[EventDate "2015.08.02"]
[EventType "swiss"]
[EventRounds "9"]
[EventCountry "UAE"]
[SourceTitle "CBM 168"]
[Source "ChessBase"]
[SourceDate "2015.09.14"]
[SourceVersion "1"]
[SourceVersionDate "2015.09.14"]
[SourceQuality "1"]

1. e4 c5 2. Nf3 e6 3. Nc3 Nc6 4. Bc4 a6 5. a4 Nf6 6. 0-0 d5 7. exd5 exd5 8. Re1+ Be7 9. Bf1 d4 10. Ne2 0-0 11. d3 h6 12. Ng3 Re8 13. Bf4 Nd5 14. Qc1 Bg4 15. Ne5 Nxe5 16. Rxe5 Bf6 17. Rxe8+ Qxe8 18. h3 Be6 19. Ne4 Be7 20. Bd6 Bxd6 21. Nxd6 Qc6 22. Ne4 Re8 23. Qd2 b6 24. Be2 Qc7 25. Bf3 Nb4 26. Re1 Bd7 27. b3 Qe5 28. Re2 Qb8 29. Ng3 Rxe2 30. Qxe2 Kf8 31. Nh5 Qe8 32. Qd2 Qe5 33. Nf4 Nxc2 34. Nd5 Qe1+ 35. Qxe1 Nxe1 36. Nxb6 Nxf3+ 37. gxf3 Bxh3 38. a5 Ke7 39. b4 cxb4 40. Nd5+ Kd6 41. Nxb4 Bc8 42. Kf1 Kc5 43. Nc2 g5 44. Ke2 h5 45. Kf1 h4 46. Ke2 Bf5 47. Ne1 Kb4 48. Nc2+ Kc3 49. Ne1 h3 50. Kf1 Kd2 51. f4 g4 52. f3 g3 53. Ng2 h2 0-1

[Event "World Amateur-ch"]
[Site "Chalkidiki"]
[Date "2015.04.20"]
[Round "8"]
[White "Ezizov, Jumamuhammet"]
[Black "Villar Reymundo, Juan Antonio"]
[Result "0-1"]
[WhiteElo "1642"]
[BlackElo "1989"]
[PlyCount "112"]
[EventDate "2015.04.14"]
[EventType "team-swiss"]
[EventRounds "9"]
[EventCountry "GRE"]
[SourceTitle "CBM 166 Extra"]
[Source "ChessBase"]
[SourceDate "2015.06.18"]
[SourceVersion "1"]
[SourceVersionDate "2015.06.18"]
[SourceQuality "1"]

1. d4 Nf6 2. Nc3 c5 3. Nf3 cxd4 4. Nxd4 a6 5. e4 e5 6. Nf3 d6 7. Bd3 h6 8. h3 Be6 9. 0-0 Be7 10. Be3 0-0 11. Qd2 Nbd7 12. Rad1 Qc7 13. Nh2 b5 14. a3 Rac8 15. f4 exf4 16. Bxf4 Ne5 17. Kh1 Rfd8 18. Rf2 Nh5 19. Nd5 Bxd5 20. exd5 Nxd3 21. cxd3 Nxf4 22. Qxf4 Bg5 23. Qf3 Re8 24. Nf1 Re5 25. d4 Re7 26. g3 Rce8 27. h4 Bf6 28. Qg4 Re4 29. Rf4 Qe7 30. Nd2 Rxf4 31. Qxf4 Qe3 32. Qxe3 Rxe3 33. Kg2 Rd3 34. b3 Bxd4 35. Kf1 Bc3 36. Ke2 Rxd5 37. Ne4 Rxd1 38. Kxd1 Be5 39. g4 Kf8 40. Ke2 Ke7 41. Kf3 Ke6 42. g5 h5 43. a4 bxa4 44. bxa4 Kd5 45. Nd2 Kd4 46. Nb3+ Kc3 47. Na5 Kb4 48. Nc6+ Kxa4 49. Ke4 Kb5 50. Nd8 a5 51. Nxf7 a4 52. Nxe5 dxe5 53. Kxe5 a3 54. Kf5 a2 55. Kg6 a1Q 56. Kxh5 Qd4 0-1